| 000 | 00599nam a22002057a 4500 | ||
|---|---|---|---|
| 003 | OSt | ||
| 005 | 20161117150702.0 | ||
| 008 | 161117b xxu||||| |||| 00| 0 eng d | ||
| 020 | _a0521004284 | ||
| 040 | _cDDc. | ||
| 082 | _a515.723JAM 2005; | ||
| 100 |
_aJames,J.F; _911304 |
||
| 245 |
_aA student's guide to Fourier Transformation. _bWith applications in physics and engeneering. |
||
| 250 | _a2nd ed, | ||
| 260 | _aCambridge;Cambridge University Press,2005; | ||
| 300 | _aix,135p;Ill:24cm, | ||
| 504 | _aIncludes bibliography and index. | ||
| 650 |
_aPhysics. _9809 |
||
| 942 |
_2ddc _cO_SHELF |
||
| 999 |
_c5405 _d5405 |
||